000 00471nam a2200181Ia 4500
001 16492
005 20260306170313.0
008 260306t2017||||xx |||||||||||||| ||und||
041 _aESP
082 _a348.6
_bM86
100 _aMorales Saravia, Francisco,
_eAUT
245 0 _aEl amparo laboral en la jurisprudencia del Tribunal Constitucional
260 _c2017
300 _a230 páginas :
_c24 cm.
650 _aGEN
654 _aCDE
942 _cLIB
_dJUS
_fJUS
_2ddc
_n
999 _c16492
_d16492